43_熊本県の市町村(ひらがな対応・五十音順) - Statistics

General Stats
  • This quiz has been taken 37 times
  • The average score is 39 of 45
Answer Stats
種類 市町村名 % Correct
阿蘇市
100%
天草市
100%
宇城市
100%
宇土市
100%
上天草市
100%
球磨村
100%
熊本市
100%
水俣市
100%
南阿蘇村
100%
荒尾市
95%
小国町
95%
菊池市
95%
玉名市
95%
人吉市
95%
益城町
95%
大津町
91%
菊陽町
91%
合志市
91%
南小国町
91%
八代市
91%
山鹿市
91%
山都町
91%
湯前町
91%
苓北町
91%
あさぎり町
86%
産山村
86%
津奈木町
86%
長洲町
86%
御船町
86%
芦北町
82%
五木村
82%
玉東町
82%
高森町
82%
多良木町
82%
和水町
82%
西原村
82%
相良村
77%
南関町
77%
氷川町
77%
嘉島町
73%
水上村
73%
錦町
68%
美里町
64%
山江村
64%
甲佐町
59%
No matching quizzes found
Score Distribution
Percent of People with Each Score
Percentile by Number Answered
Your Score History
You have not taken this quiz